[Event "BRA-ch U12 Girls"]
[Site "Florianopolis"]
[Date "2019.04.19"]
[Round "2"]
[White "Grebogi, Ana Lia"]
[Black "Santos, Thauanny Rodrigues"]
[Result "0-1"]
[WhiteElo "1753"]
[BlackElo "1838"]
[PlyCount "68"]
[EventDate "2019.04.18"]
[EventType "swiss"]
[EventRounds "6"]
[EventCountry "BRA"]
[SourceTitle "CBM 190 Extra"]
[Source "ChessBase"]
[SourceDate "2019.07.15"]
[SourceVersion "1"]
[SourceVersionDate "2019.07.15"]
[SourceQuality "1"]

1. e4 e6 2. d4 d5 3. Nd2 Nf6 4. e5 Nfd7 5. Ngf3 c5 6. Be2 Nc6 7. c3 Be7 8. 0-0 0-0 9. Re1 c4 10. Nf1 f6 11. exf6 Nxf6 12. Ng3 Qc7 13. Ng5 Bd7 14. Qc2 a6 15. Bg4 Qd6 16. Bxe6+ Bxe6 17. Nxe6 Rfc8 18. Ng5 h6 19. Ne6 Nd8 20. Nxd8 Qxd8 21. Qg6 Qe8 22. Qf5 Qf7 23. Qf3 Rf8 24. Nf5 Rfe8 25. Qg3 Kh7 26. Qh3 Ng8 27. Nxe7 Nxe7 28. b3 b5 29. Re5 Rf8 30. f3 Ng6 31. Rh5 Kg8 32. bxc4 bxc4 33. Rb1 Qe8 34. Rxd5 Qe1# 0-1